[Event "St Petersburg Summer op"]
[Site "St Petersburg"]
[Date "2017.08.23"]
[Round "8"]
[White "Baranov, Andrey"]
[Black "Skafar, Darya"]
[Result "0-1"]
[WhiteElo "2098"]
[BlackElo "1882"]
[PlyCount "68"]
[EventDate "2017.08.16"]
[EventType "swiss"]
[EventRounds "9"]
[EventCountry "RUS"]
[SourceTitle "CBM 180 Extra"]
[Source "ChessBase"]
[SourceDate "2017.10.06"]
[SourceVersion "1"]
[SourceVersionDate "2017.10.06"]
[SourceQuality "1"]

1. e4 e5 2. Nf3 Nc6 3. Bc4 Bc5 4. 0-0 Nf6 5. d3 0-0 6. a4 a6 7. h3 d6 8. c3 Ba7 9. Na3 Qe7 10. b4 Be6 11. Bxe6 Qxe6 12. b5 axb5 13. axb5 Ne7 14. Re1 Ng6 15. c4 Bc5 16. Bb2 Nf4 17. d4 exd4 18. Qd2 N6h5 19. Kh2 Ra4 20. Nxd4 Qg6 21. g4 Bb4 22. Qe3 Bxe1 23. Rxe1 Qg5 24. Nf3 Qc5 25. Qxc5 dxc5 26. gxh5 Nd3 27. Rb1 Nxb2 28. Rxb2 Rxa3 29. Ne5 Rd8 30. h6 gxh6 31. Kg2 h5 32. Rb1 f6 33. Nf3 Kf7 34. e5 Rg8+ 0-1

[Event "St Petersburg Summer op"]
[Site "St Petersburg"]
[Date "2017.08.20"]
[Round "5"]
[White "Skafar, Darya"]
[Black "Khajrutdinov, Ildar"]
[Result "0-1"]
[WhiteElo "1882"]
[BlackElo "2109"]
[PlyCount "94"]
[EventDate "2017.08.16"]
[EventType "swiss"]
[EventRounds "9"]
[EventCountry "RUS"]
[SourceTitle "CBM 180 Extra"]
[Source "ChessBase"]
[SourceDate "2017.10.06"]
[SourceVersion "1"]
[SourceVersionDate "2017.10.06"]
[SourceQuality "1"]

1. e4 c5 2. c3 d5 3. exd5 Qxd5 4. d4 Nc6 5. Nf3 Nf6 6. Be2 cxd4 7. cxd4 e6 8. 0-0 Be7 9. Nc3 Qd6 10. h3 0-0 11. Be3 b6 12. a3 Bb7 13. b4 Nd5 14. Ne4 Qd8 15. Qd3 Nxe3 16. fxe3 f5 17. Ned2 Bf6 18. Nb3 Qd6 19. Rfd1 Ne7 20. Nbd2 Rfd8 21. Qb3 Rac8 22. Rac1 g5 23. Nc4 Qd5 24. Ncd2 Qxb3 25. Nxb3 Nd5 26. Kf2 Nc3 27. Re1 Bd5 28. Nbd2 Na2 29. Rxc8 Rxc8 30. Rb1 Rc3 31. a4 Ra3 32. Bb5 Nc3 33. Rc1 Be7 34. Nb1 Ra2+ 35. Kg1 Nxb5 36. axb5 Bxb4 37. Ne1 Bxe1 38. Rxe1 Rxg2+ 39. Kf1 Rh2 40. Nc3 Rxh3 41. Ke2 Bc4+ 42. Kf2 Rh2+ 43. Kf3 Rc2 44. Nb1 Bxb5 45. Na3 Bc6+ 46. Kg3 Rc3 47. Nb1 f4+ 0-1

[Event "Liptovsky Mikulas CupT U20"]
[Site "Liptovsky Mikulas"]
[Date "2016.06.24"]
[Round "6.2"]
[White "Skafar, Darya"]
[Black "Poliakova, Emma"]
[Result "1-0"]
[WhiteElo "2050"]
[BlackElo "1826"]
[PlyCount "153"]
[EventDate "2016.06.21"]
[EventType "team-swiss"]
[EventRounds "8"]
[EventCountry "SVK"]
[SourceTitle "CBM 173 Extra"]
[Source "ChessBase"]
[SourceDate "2016.08.29"]
[SourceVersion "1"]
[SourceVersionDate "2016.08.29"]
[SourceQuality "1"]
[WhiteTeam "St Petersburg Spassky (U20)"]
[BlackTeam "Povazie RSA (U20)"]
[WhiteTeamCountry "RUS"]
[BlackTeamCountry "SVK"]

1. e4 c5 2. Nf3 Nc6 3. Bb5 g6 4. 0-0 Bg7 5. Bxc6 bxc6 6. Re1 Nh6 7. h3 0-0 8. d3 f6 9. c3 Nf7 10. b3 d6 11. Bb2 Rb8 12. d4 cxd4 13. cxd4 e5 14. Nc3 Qb6 15. Na4 Qc7 16. Rc1 Bd7 17. Ba3 Rfd8 18. Rc2 Be8 19. Rd2 Bf8 20. Qc2 Rbc8 21. Red1 c5 22. dxe5 Nxe5 23. Nxe5 fxe5 24. Nb2 Bf7 25. Nc4 Kg7 26. Rd3 Be7 27. Bc1 Qc6 28. f3 Qa6 29. Rc3 Rc7 30. Qd2 Rcd7 31. Qh6+ Kg8 32. Rc2 Bf8 33. Qg5 Be7 34. Qh6 Bf8 35. Qh4 Be7 36. Bg5 Bxg5 37. Qxg5 Bxc4 38. Rxc4 Qxa2 39. Rc3 Qa5 40. Rcd3 Qb6 41. Kh2 Kg7 42. h4 h6 43. Qg4 h5 44. Qe6 Qc7 45. R1d2 Re7 46. Qc4 Qb6 47. Qc2 Red7 48. Qd1 Qc7 49. Rd5 Qb7 50. Rxd6 Rxd6 51. Rxd6 Rxd6 52. Qxd6 Qxb3 53. Qxe5+ Kh7 54. Qxc5 Qf7 55. Kg3 Qb7 56. e5 Qd7 57. Qd6 Qf5 58. e6 g5 59. Qe7+ Kh8 60. Qe8+ Kg7 61. Qe7+ Kg6 62. hxg5 Qe5+ 63. Kf2 Qd4+ 64. Ke2 Qc4+ 65. Ke3 Qc3+ 66. Ke4 Qc2+ 67. Kd5 Qd3+ 68. Kc6 Qc4+ 69. Kd7 Qb5+ 70. Kd8 Qb8+ 71. Kd7 Qb5+ 72. Kc8 Qc6+ 73. Kd8 Qd5+ 74. Qd7 Qa5+ 75. Ke8 Qxg5 76. Qf7+ Kh6 77. Qf8+ 1-0

[Event "Liptovsky Mikulas CupT U20"]
[Site "Liptovsky Mikulas"]
[Date "2016.06.23"]
[Round "5.2"]
[White "Urbanski, Wojciech"]
[Black "Skafar, Darya"]
[Result "1/2-1/2"]
[WhiteElo "1636"]
[BlackElo "2050"]
[PlyCount "45"]
[EventDate "2016.06.21"]
[EventType "team-swiss"]
[EventRounds "8"]
[EventCountry "SVK"]
[SourceTitle "CBM 173 Extra"]
[Source "ChessBase"]
[SourceDate "2016.08.29"]
[SourceVersion "1"]
[SourceVersionDate "2016.08.29"]
[SourceQuality "1"]
[WhiteTeam "Krakow Wisla (U20)"]
[BlackTeam "St Petersburg Spassky (U20)"]
[WhiteTeamCountry "POL"]
[BlackTeamCountry "RUS"]

1. e4 d6 2. d4 Nf6 3. Nc3 g6 4. Nf3 Bg7 5. Be2 0-0 6. 0-0 c6 7. a4 Nbd7 8. h3 e5 9. dxe5 dxe5 10. Be3 Qe7 11. Qd2 Nc5 12. Bg5 Qc7 13. Qe3 Ne6 14. Bh4 Nf4 15. Bg3 N6h5 16. Bh2 Qe7 17. Rfd1 Bh6 18. Kh1 Nxh3 19. Qxh6 Nxf2+ 20. Kg1 Qc5 21. b4 Nh3+ 22. Kh1 Nf2+ 23. Kg1 1/2-1/2

[Event "Chigorin Memorial 23rd"]
[Site "St Petersburg"]
[Date "2015.10.04"]
[Round "2"]
[White "Palachev, Petr"]
[Black "Skafar, Darya"]
[Result "1-0"]
[WhiteElo "2373"]
[BlackElo "1961"]
[PlyCount "61"]
[EventDate "2015.10.03"]
[EventType "swiss"]
[EventRounds "9"]
[EventCountry "RUS"]
[SourceTitle "CBM 168 Extra"]
[Source "ChessBase"]
[SourceDate "2015.10.29"]
[SourceVersion "1"]
[SourceVersionDate "2015.10.29"]
[SourceQuality "1"]

1. Nf3 d5 2. c4 e6 3. d4 Be7 4. Nc3 Nf6 5. Bf4 0-0 6. e3 Ne4 7. Bd3 Nxc3 8. bxc3 c5 9. 0-0 b6 10. cxd5 exd5 11. Qc2 g6 12. c4 Bb7 13. cxd5 Bxd5 14. e4 Bb7 15. d5 a6 16. a4 Re8 17. Bc4 Bf8 18. Rad1 Bg7 19. e5 Qc8 20. Qb3 Nd7 21. e6 fxe6 22. dxe6 Nf6 23. e7+ Kh8 24. Rfe1 Qg4 25. Bg3 Ne4 26. Ne5 Qh5 27. Nf7+ Kg8 28. Be2 c4 29. Qxc4 Qc5 30. Nh6+ Kh8 31. Qg8+ 1-0

[Event "RUS-chT U18"]
[Site "St Petersburg"]
[Date "2015.08.01"]
[Round "1.23"]
[White "Skafar, Darya"]
[Black "Salemgareev, Tagir"]
[Result "0-1"]
[WhiteElo "1974"]
[BlackElo "2050"]
[PlyCount "94"]
[EventDate "2015.08.01"]
[EventType "team-swiss"]
[EventRounds "9"]
[EventCountry "RUS"]
[SourceTitle "CBM 167 Extra"]
[Source "ChessBase"]
[SourceDate "2015.09.14"]
[SourceVersion "1"]
[SourceVersionDate "2015.09.14"]
[SourceQuality "1"]
[WhiteTeam "HQ Contemporary"]
[BlackTeam "Kurgan Youth"]
[WhiteTeamCountry "RUS"]
[BlackTeamCountry "RUS"]

1. e4 c5 2. Nf3 d6 3. Bb5+ Bd7 4. Bxd7+ Qxd7 5. 0-0 Nf6 6. Qe2 Nc6 7. c3 e6 8. d4 cxd4 9. cxd4 d5 10. e5 Ne4 11. Be3 Be7 12. Ne1 f5 13. f3 Ng5 14. Qd2 Nf7 15. f4 Rg8 16. Nf3 h6 17. Kh1 g5 18. g3 0-0-0 19. Nc3 g4 20. Ne1 h5 21. Kg2 h4 22. Nd3 Rg6 23. Rh1 Rh8 24. b3 Rgh6 25. Ne2 Qd8 26. b4 R8h7 27. b5 Na5 28. Rac1+ Nc4 29. Bf2 Qh8 30. Qe1 hxg3 31. Bxg3 Bh4 32. Qg1 Kb8 33. Nc5 Nd8 34. Rc3 Bxg3 35. Nxg3 Rh3 36. a4 Nd2 37. Qc1 Rxh2+ 38. Rxh2 Rxh2+ 39. Kg1 Nc4 40. a5 Qh3 41. Qf1 Qh4 42. b6 Ra2 43. bxa7+ Kxa7 44. Ne2 g3 45. Qg2 Qh2+ 46. Qxh2 gxh2+ 47. Kxh2 Rxe2+ 0-1

[Event "Liptovsky Mikulas CupT U20"]
[Site "Liptovsky Mikulas"]
[Date "2014.06.22"]
[Round "7.4"]
[White "Skafar, Darya"]
[Black "Volna, Lukas"]
[Result "1-0"]
[WhiteElo "1834"]
[BlackElo "1852"]
[PlyCount "129"]
[EventDate "2014.06.19"]
[EventType "team-swiss"]
[EventRounds "7"]
[EventCountry "SVK"]
[SourceTitle "EXT 2015"]
[Source "ChessBase"]
[SourceDate "2014.11.20"]
[SourceVersion "1"]
[SourceVersionDate "2014.11.20"]
[SourceQuality "1"]
[WhiteTeam "St Petersburg (U18)"]
[BlackTeam "Luna Martin (U18)"]
[WhiteTeamCountry "RUS"]
[BlackTeamCountry "SVK"]

1. e4 e6 2. d4 b6 3. Nf3 Bb7 4. Bd3 Nf6 5. Qe2 Be7 6. 0-0 0-0 7. c3 c5 8. Re1 Qc7 9. Bg5 d6 10. a4 Kh8 11. Nbd2 Rg8 12. e5 dxe5 13. Nxe5 Rf8 14. Bxf6 Bxf6 15. Qh5 h6 16. Ng4 Bg5 17. Ne4 Bxe4 18. Bxe4 Nc6 19. g3 f5 20. Bxc6 Qxc6 21. Ne5 Qe8 22. Ng6+ Kg8 23. h4 Bd8 24. d5 Rf6 25. Nf4 Bc7 26. Qxe8+ Rxe8 27. Nxe6 Bd6 28. c4 a5 29. Re2 f4 30. Nxf4 Rxe2 31. Nxe2 Rf3 32. Ra3 Rxa3 33. bxa3 Kf7 34. f3 Be5 35. Kf2 Bb2 36. Ke3 Bxa3 37. Ke4 Bb2 38. g4 Kf6 39. f4 g5 40. fxg5+ hxg5 41. h5 Be5 42. Ng1 Ba1 43. Nf3 Bc3 44. d6 Ke6 45. Nxg5+ Kxd6 46. Kf5 Ke7 47. Ne4 Bd4 48. Nd2 Kf7 49. g5 Be3 50. Ne4 Kg8 51. Nd6 Bd4 52. Kg6 Be5 53. Ne4 b5 54. cxb5 c4 55. Nd2 c3 56. Nb3 Bc7 57. Kf5 Bd8 58. Kf4 Kg7 59. Kf5 Kg8 60. Kg6 Bb6 61. h6 Be3 62. Nxa5 c2 63. Nb3 c1Q 64. Nxc1 Bxc1 65. b6 1-0

[Event "Liptovsky Mikulas CupT U20"]
[Site "Liptovsky Mikulas"]
[Date "2014.06.21"]
[Round "5.4"]
[White "Skafar, Darya"]
[Black "Meszarosova, Eva"]
[Result "1/2-1/2"]
[WhiteElo "1834"]
[BlackElo "1830"]
[PlyCount "73"]
[EventDate "2014.06.19"]
[EventType "team-swiss"]
[EventRounds "7"]
[EventCountry "SVK"]
[SourceTitle "EXT 2015"]
[Source "ChessBase"]
[SourceDate "2014.11.20"]
[SourceVersion "1"]
[SourceVersionDate "2014.11.20"]
[SourceQuality "1"]
[WhiteTeam "St Petersburg (U18)"]
[BlackTeam "Modranka Komplet (U18)"]
[WhiteTeamCountry "RUS"]
[BlackTeamCountry "SVK"]

1. e4 c5 2. Nf3 d6 3. Bb5+ Bd7 4. Bxd7+ Nxd7 5. 0-0 Ngf6 6. Qe2 e6 7. c3 Be7 8. d4 0-0 9. e5 dxe5 10. dxe5 Nd5 11. c4 Nb4 12. Nc3 a6 13. Bf4 Nc6 14. Rad1 Qc8 15. Rfe1 Nb6 16. b3 h6 17. Ne4 Qc7 18. h3 Rfd8 19. Kh1 Nd7 20. Nc3 Nb6 21. Bg3 Nd4 22. Nxd4 cxd4 23. Ne4 Bb4 24. Rf1 Be7 25. Rd3 Nd7 26. f4 Nc5 27. Nxc5 Qxc5 28. Rfd1 Qb6 29. Bf2 Bc5 30. Qe4 a5 31. Bxd4 Bxd4 32. Rxd4 Rxd4 33. Qxd4 Qb4 34. Qd6 Qc3 35. Qd3 Qb4 36. Qd6 Qc3 37. Qd3 1/2-1/2

[Event "Chigorin Memorial 21st"]
[Site "St Petersburg"]
[Date "2013.10.12"]
[Round "8"]
[White "Skafar, Darya"]
[Black "Kazantsev, Nikita"]
[Result "1/2-1/2"]
[WhiteElo "1828"]
[BlackElo "1999"]
[PlyCount "130"]
[EventDate "2013.10.05"]
[EventType "swiss"]
[EventRounds "9"]
[EventCountry "RUS"]
[SourceTitle "CBM 156 Extra"]
[Source "ChessBase"]
[SourceDate "2013.10.22"]
[SourceVersion "1"]
[SourceVersionDate "2013.10.22"]
[SourceQuality "1"]

1. e4 e5 2. Nf3 Nc6 3. Bb5 a6 4. Ba4 Nf6 5. 0-0 Be7 6. Re1 b5 7. Bb3 d6 8. c3 0-0 9. h3 Nb8 10. d4 Nbd7 11. Nbd2 Bb7 12. Bc2 Re8 13. Nf1 Bf8 14. Ng3 g6 15. Bg5 Bg7 16. Nh2 h6 17. Bc1 d5 18. dxe5 Nxe4 19. Nxe4 dxe4 20. Bxe4 Bxe4 21. Rxe4 Nxe5 22. Rd4 Qe7 23. Bf4 Nc4 24. Rd7 Rad8 25. Rxe7 Rxd1+ 26. Rxd1 Rxe7 27. b3 Na3 28. Be3 Nc2 29. Bc5 Re1+ 30. Rxe1 Nxe1 31. c4 Nd3 32. Be3 bxc4 33. bxc4 Ne5 34. Bf4 Nxc4 35. Bxc7 Kf8 36. Nf3 Ke7 37. Kf1 Kd7 38. Bf4 Kc6 39. Ke2 Kc5 40. Kd3 Kb4 41. Ne1 a5 42. Nc2+ Kc5 43. Ne3 Ne5+ 44. Bxe5 Bxe5 45. Nc4 Bc7 46. Kc3 f5 47. Nd2 a4 48. Nf3 Bd8 49. Kd3 Bf6 50. Nd2 Kb4 51. Kc2 g5 52. g4 fxg4 53. hxg4 Bd4 54. f3 Bc5 55. Ne4 Be7 56. Ng3 Kc4 57. Nf5 Bf8 58. Kd2 Kd5 59. Ne3+ Kd4 60. Nc2+ Kc4 61. Ne3+ Kb4 62. Kc2 Bc5 63. Nf5 Bf8 64. Ne3 Kb5 65. Kc3 Kc5 1/2-1/2

[Event "Chigorin Memorial 21st"]
[Site "St Petersburg"]
[Date "2013.10.08"]
[Round "4"]
[White "Skafar, Darya"]
[Black "Androsov, Sergey"]
[Result "0-1"]
[WhiteElo "1828"]
[BlackElo "2114"]
[PlyCount "158"]
[EventDate "2013.10.05"]
[EventType "swiss"]
[EventRounds "9"]
[EventCountry "RUS"]
[SourceTitle "CBM 156 Extra"]
[Source "ChessBase"]
[SourceDate "2013.10.22"]
[SourceVersion "1"]
[SourceVersionDate "2013.10.22"]
[SourceQuality "1"]

1. e4 e5 2. Nf3 Nc6 3. Bb5 Nge7 4. c3 g6 5. 0-0 Bg7 6. d4 exd4 7. cxd4 a6 8. Ba4 0-0 9. d5 Na5 10. Nc3 d6 11. h3 b5 12. Bc2 Bb7 13. a4 b4 14. Ne2 c5 15. dxc6 Nexc6 16. Nf4 Ne5 17. Nd5 Bxd5 18. exd5 Rc8 19. Nxe5 dxe5 20. Bb3 Qd6 21. Be3 Rfd8 22. Rc1 e4 23. Rxc8 Rxc8 24. Bc1 Qe5 25. Ba2 Bf8 26. Re1 Nb7 27. Qg4 Re8 28. Qf4 Bd6 29. Qxe5 Bxe5 30. Bc4 Nc5 31. b3 a5 32. Be3 Bd6 33. Bxc5 Bxc5 34. Kf1 Kf8 35. Re2 f5 36. g3 h5 37. h4 Re7 38. Bb5 Kg7 39. Kg2 Kf6 40. Rc2 Rc7 41. Bc6 Bd6 42. Rd2 g5 43. hxg5+ Kxg5 44. Re2 h4 45. gxh4+ Kf4 46. h5 Rg7+ 47. Kf1 Rg4 48. Re3 Rh4 49. Rg3 Rxh5 50. Rg6 Kf3 51. Be8 Rh8 52. Bd7 Rh1+ 53. Rg1 Rh2 54. Bxf5 Rxf2+ 55. Ke1 Rb2 56. Bg4+ Ke3 57. Bd1 Be5 58. Rh1 Kd4 59. Rg1 Kxd5 60. Rg8 e3 61. Rd8+ Ke4 62. Re8 Rh2 63. Be2 Rh3 64. Re7 Kd4 65. Kd1 Bd6 66. Rd7 Rh1+ 67. Kc2 Rh2 68. Kd1 Kc3 69. Bc4 Rd2+ 70. Kc1 e2 71. Bxe2 Rxe2 72. Rxd6 Re1+ 73. Rd1 Rxd1+ 74. Kxd1 Kxb3 75. Kc1 Kxa4 76. Kb2 b3 77. Kb1 Ka3 78. Ka1 b2+ 79. Kb1 a4 0-1

[Event "St Petersburg-ch (Women) 81st"]
[Site "St Petersburg"]
[Date "2013.03.21"]
[Round "11"]
[White "Balaian, Alina"]
[Black "Skafar, Darya"]
[Result "1-0"]
[WhiteElo "2213"]
[BlackElo "1819"]
[PlyCount "51"]
[EventDate "2013.03.11"]
[EventType "tourn"]
[EventRounds "11"]
[EventCountry "RUS"]
[SourceTitle "CBM 153 Extra"]
[Source "ChessBase"]
[SourceDate "2013.04.22"]
[SourceVersion "1"]
[SourceVersionDate "2013.04.22"]
[SourceQuality "1"]

1. e4 e5 2. Nf3 Nc6 3. Bb5 a6 4. Ba4 Nf6 5. 0-0 Be7 6. Re1 b5 7. Bb3 0-0 8. d4 Nxd4 9. Bxf7+ Rxf7 10. Nxe5 Ne6 11. Nxf7 Kxf7 12. e5 Ne8 13. Qf3+ Kg8 14. Qxa8 c6 15. Be3 N8c7 16. Qb8 Nd5 17. Nc3 Nxe3 18. Rxe3 Bc5 19. Ne4 Bxe3 20. fxe3 a5 21. Rd1 h6 22. Nd6 Ba6 23. Qxd8+ Nxd8 24. Nf5 Nf7 25. Rxd7 b4 26. e6 1-0

[Event "St Petersburg-ch (Women) 81st"]
[Site "St Petersburg"]
[Date "2013.03.18"]
[Round "8"]
[White "Chernyak, Viktoria"]
[Black "Skafar, Darya"]
[Result "1/2-1/2"]
[WhiteElo "1968"]
[BlackElo "1819"]
[PlyCount "100"]
[EventDate "2013.03.11"]
[EventType "tourn"]
[EventRounds "11"]
[EventCountry "RUS"]
[SourceTitle "CBM 153 Extra"]
[Source "ChessBase"]
[SourceDate "2013.04.22"]
[SourceVersion "1"]
[SourceVersionDate "2013.04.22"]
[SourceQuality "1"]

1. Nf3 d5 2. g3 Nf6 3. Bg2 e6 4. 0-0 c5 5. d4 Nc6 6. c4 dxc4 7. Qa4 Bd7 8. dxc5 Bxc5 9. Qxc4 Be7 10. Nc3 0-0 11. Rd1 a6 12. Bg5 b5 13. Qd3 Nb4 14. Qd2 Bc6 15. Qc1 Qb6 16. e4 Bb7 17. e5 Nfd5 18. Bxe7 Nxe7 19. a3 Nbd5 20. Ne4 Ng6 21. Qc2 Qc7 22. Qxc7 Nxc7 23. Nc5 Bd5 24. Rac1 Rac8 25. Re1 Rfe8 26. h4 h5 27. Rc3 a5 28. Ne4 Bxe4 29. Rxe4 Nd5 30. Rxc8 Rxc8 31. Nd4 Rc5 32. Bf3 Nc7 33. Bxh5 Nxe5 34. Nb3 Rd5 35. Nxa5 Nd3 36. Be2 Nxb2 37. Nc6 Rc5 38. Ne5 f5 39. Re3 Nd5 40. Rb3 Nc3 41. Bf3 Rxe5 42. Rxc3 Na4 43. Rb3 Rc5 44. Be2 Nc3 45. Bd3 Kf7 46. f4 Ke7 47. Kf2 Kd6 48. Ke3 Nd5+ 49. Kd4 Nc7 50. Ke3 Nd5+ 1/2-1/2

[Event "St Petersburg-ch (Women) 81st"]
[Site "St Petersburg"]
[Date "2013.03.14"]
[Round "4"]
[White "Klevets, Ksenia"]
[Black "Skafar, Darya"]
[Result "1-0"]
[WhiteElo "1891"]
[BlackElo "1819"]
[PlyCount "95"]
[EventDate "2013.03.11"]
[EventType "tourn"]
[EventRounds "11"]
[EventCountry "RUS"]
[SourceTitle "CBM 153 Extra"]
[Source "ChessBase"]
[SourceDate "2013.04.22"]
[SourceVersion "1"]
[SourceVersionDate "2013.04.22"]
[SourceQuality "1"]

1. e4 d6 2. d4 Nf6 3. Nc3 g6 4. Be3 c6 5. Qd2 b5 6. a4 b4 7. Nd1 Nxe4 8. Qxb4 a5 9. Qa3 Bg7 10. Bd3 Nf6 11. Ne2 Nd5 12. Bd2 Qb6 13. c3 Ba6 14. Bxa6 Nxa6 15. Ne3 Nxe3 16. Bxe3 Rb8 17. Rb1 Qb3 18. Qxb3 Rxb3 19. Nc1 Rb7 20. Nd3 0-0 21. Kd2 Rfb8 22. Kc2 Rc8 23. b4 axb4 24. Nxb4 Nxb4+ 25. Rxb4 Ra7 26. Rhb1 f6 27. Rb8 Ra8 28. Rxc8+ Rxc8 29. Rb7 Kf7 30. Kb3 Ke8 31. Kb4 Kd8 32. d5 c5+ 33. Kb5 f5 34. c4 Rc7 35. Rb8+ Rc8 36. Rxc8+ Kxc8 37. Bg5 Bf8 38. Kc6 h6 39. Bd2 g5 40. Ba5 Kb8 41. Kd7 Kb7 42. Bd8 Ka6 43. Bxe7 Bg7 44. Bxd6 Kb6 45. a5+ Kxa5 46. Bxc5 Ka4 47. Ke6 Kb3 48. d6 1-0

[Event "St Petersburg-ch (Women) 81st"]
[Site "St Petersburg"]
[Date "2013.03.13"]
[Round "3"]
[White "Skafar, Darya"]
[Black "Andreeva, Yuliya"]
[Result "1/2-1/2"]
[WhiteElo "1819"]
[BlackElo "2001"]
[PlyCount "85"]
[EventDate "2013.03.11"]
[EventType "tourn"]
[EventRounds "11"]
[EventCountry "RUS"]
[SourceTitle "CBM 153 Extra"]
[Source "ChessBase"]
[SourceDate "2013.04.22"]
[SourceVersion "1"]
[SourceVersionDate "2013.04.22"]
[SourceQuality "1"]

1. e4 c6 2. d4 d5 3. Nc3 dxe4 4. Nxe4 Bf5 5. Ng3 Bg6 6. h4 h6 7. Nf3 Nd7 8. h5 Bh7 9. Bd3 Bxd3 10. Qxd3 e6 11. Bf4 Qa5+ 12. Bd2 Bb4 13. a3 Bxd2+ 14. Qxd2 Qd5 15. Qd3 Nb6 16. Ne4 Nc4 17. Qxc4 Qxe4+ 18. Qe2 Nf6 19. Qxe4 Nxe4 20. Ke2 0-0 21. Rh4 f5 22. Nd2 Nf6 23. f3 Rac8 24. Nb3 Rfe8 25. Nc5 b6 26. Nd3 Nd7 27. Kf2 c5 28. dxc5 Nxc5 29. Nxc5 Rxc5 30. c3 Rd8 31. Re1 Kf7 32. f4 Rc4 33. g3 Rc5 34. Rhh1 Rd2+ 35. Re2 Rxe2+ 36. Kxe2 e5 37. Rd1 Ke6 38. fxe5 Rc7 39. Kf3 Kxe5 40. Rd4 Rf7 41. Ke3 Re7 42. Kf3 Rf7 43. Ke3 1/2-1/2

[Event "St Petersburg-ch sf (Women)"]
[Site "St Petersburg"]
[Date "2013.01.31"]
[Round "6"]
[White "Korchagina, Victoria"]
[Black "Skafar, Darya"]
[Result "1-0"]
[WhiteElo "2037"]
[BlackElo "1792"]
[PlyCount "111"]
[EventDate "2013.01.26"]
[EventType "swiss"]
[EventRounds "9"]
[EventCountry "RUS"]
[SourceTitle "CBM 152 Extra"]
[Source "ChessBase"]
[SourceDate "2013.02.25"]
[SourceVersion "1"]
[SourceVersionDate "2013.02.25"]
[SourceQuality "1"]

1. e4 e5 2. Nf3 Nc6 3. Bb5 a6 4. Ba4 Nf6 5. 0-0 Be7 6. Re1 b5 7. Bb3 0-0 8. h3 Bb7 9. d3 d6 10. a3 Nb8 11. Nbd2 Nbd7 12. Nf1 Nc5 13. Ba2 Ne6 14. Ng3 c5 15. Nf5 Qc7 16. Ng5 Nxg5 17. Bxg5 Rad8 18. Qf3 Kh8 19. Nh6 c4 20. Bxf6 Bxf6 21. dxc4 bxc4 22. Ng4 Bg5 23. Qe2 Rc8 24. b4 Qc6 25. f3 Bf4 26. c3 Rc7 27. Kh1 Bc8 28. Ne3 Bxe3 29. Qxe3 Be6 30. a4 f6 31. Bb1 Rb7 32. Bc2 Qc7 33. Red1 Rd8 34. f4 h6 35. a5 Rbb8 36. Rd2 Bd7 37. Rad1 Bb5 38. fxe5 dxe5 39. Rd5 Rd7 40. R1d2 Rbd8 41. Bd1 Bc6 42. Rxd7 Rxd7 43. Rxd7 Qxd7 44. Be2 Bb5 45. Kh2 Qd6 46. Bg4 Qd8 47. Qc5 g6 48. Be6 h5 49. Bxc4 Bxc4 50. Qxc4 Qd2 51. Qf1 Kg7 52. b5 Qxc3 53. b6 Qxa5 54. Qb1 Qb5 55. Qxb5 axb5 56. b7 1-0

[Event "St Petersburg-ch sf (Women)"]
[Site "St Petersburg"]
[Date "2013.01.28"]
[Round "3"]
[White "Skafar, Darya"]
[Black "Serebryakova, Svetlana"]
[Result "1-0"]
[WhiteElo "1792"]
[BlackElo "1606"]
[PlyCount "65"]
[EventDate "2013.01.26"]
[EventType "swiss"]
[EventRounds "9"]
[EventCountry "RUS"]
[SourceTitle "CBM 152 Extra"]
[Source "ChessBase"]
[SourceDate "2013.02.25"]
[SourceVersion "1"]
[SourceVersionDate "2013.02.25"]
[SourceQuality "1"]

1. e4 c5 2. Nf3 g6 3. d4 cxd4 4. Nxd4 Bg7 5. Be3 Nf6 6. Nc3 Nc6 7. Be2 0-0 8. Nb3 a5 9. a4 Nb4 10. 0-0 d5 11. e5 Ne8 12. f4 Bf5 13. Nd4 Be4 14. Nxe4 dxe4 15. c4 Qc8 16. Qb1 f5 17. b3 Nc7 18. Rd1 Nca6 19. Nc2 Qc7 20. Nxb4 Nxb4 21. Qb2 Rad8 22. Bd4 e6 23. Rd2 Rfe8 24. Rad1 Bf8 25. Kh1 Bh6 26. Be3 Kf7 27. Rd6 Rxd6 28. Rxd6 Bg7 29. Qd2 Qb8 30. Rd7+ Re7 31. Bc5 Nd5 32. cxd5 Rxd7 33. dxe6+ 1-0

[Event "St Petersburg-ch sf (Women)"]
[Site "St Petersburg"]
[Date "2013.01.27"]
[Round "2"]
[White "Chernyak, Viktoria"]
[Black "Skafar, Darya"]
[Result "1-0"]
[WhiteElo "1949"]
[BlackElo "1792"]
[PlyCount "107"]
[EventDate "2013.01.26"]
[EventType "swiss"]
[EventRounds "9"]
[EventCountry "RUS"]
[SourceTitle "CBM 152 Extra"]
[Source "ChessBase"]
[SourceDate "2013.02.25"]
[SourceVersion "1"]
[SourceVersionDate "2013.02.25"]
[SourceQuality "1"]

1. Nf3 d5 2. g3 Nf6 3. Bg2 e6 4. 0-0 Be7 5. d3 c5 6. Nbd2 0-0 7. e4 Nc6 8. Re1 Qc7 9. Qe2 a6 10. a4 h6 11. Nf1 d4 12. e5 Nd7 13. h4 Rb8 14. N1h2 b5 15. h5 Bb7 16. Ng4 Rfe8 17. Bxh6 gxh6 18. Nxh6+ Kg7 19. Ng4 Rh8 20. h6+ Kf8 21. Qd2 Ke8 22. Qf4 Nf8 23. Ng5 Bxg5 24. Qxg5 Nh7 25. Nf6+ Nxf6 26. exf6 Qd6 27. axb5 axb5 28. Qg7 Qf8 29. h7 Kd7 30. Be4 Nd8 31. Ra7 Nc6 32. Raa1 Nd8 33. Ra7 Nc6 34. Raa1 Nd8 35. Bg6 Kd6 36. Bh5 Bc8 37. Ra7 Bb7 38. Raa1 Qe8 39. f3 e5 40. f4 e4 41. dxe4 Bxe4 42. Rxe4 Qxe4 43. Qxh8 Qe3+ 44. Kh2 Qf2+ 45. Kh3 Nc6 46. Qxb8+ Nxb8 47. h8Q Nd7 48. Qd8 Qxc2 49. Ra6+ Kd5 50. Qxd7+ Kc4 51. Qxf7+ Kb4 52. Qd5 d3 53. f7 d2 54. f8Q 1-0

[Event "St Petersburg-ch sf (Women)"]
[Site "St Petersburg"]
[Date "2013.01.26"]
[Round "1"]
[White "Skafar, Darya"]
[Black "Tochanskaya, Alexandra"]
[Result "1-0"]
[WhiteElo "1792"]
[BlackElo "1472"]
[PlyCount "107"]
[EventDate "2013.01.26"]
[EventType "swiss"]
[EventRounds "9"]
[EventCountry "RUS"]
[SourceTitle "CBM 152 Extra"]
[Source "ChessBase"]
[SourceDate "2013.02.25"]
[SourceVersion "1"]
[SourceVersionDate "2013.02.25"]
[SourceQuality "1"]

1. e4 e5 2. Nf3 Nc6 3. Bb5 a6 4. Ba4 Nf6 5. 0-0 Nxe4 6. d4 d5 7. Nxe5 Be6 8. Nxc6 Qd7 9. Nd8 Qxa4 10. Nxe6 fxe6 11. Qh5+ Kd7 12. c3 Be7 13. Nd2 Nxd2 14. Bxd2 Qc2 15. Bc1 Raf8 16. f4 g6 17. Qd1 Qxd1 18. Rxd1 Bd6 19. g3 h5 20. h4 Rf7 21. b3 c5 22. Be3 Rc8 23. dxc5 Bxc5 24. Bxc5 Rxc5 25. Rd3 b5 26. a4 Kc6 27. Re3 Re7 28. axb5+ Kxb5 29. Kf2 Rc6 30. Ke2 Rec7 31. Kd2 a5 32. Rae1 Re7 33. Re5 Kb6 34. Rxd5 Rxc3 35. Kxc3 Rc7+ 36. Kd4 exd5 37. Re6+ Kb5 38. Rxg6 Kb4 39. Rb6+ Ka3 40. Rb5 Rg7 41. Rxa5+ Kxb3 42. Rxd5 Rxg3 43. Rxh5 Rg4 44. Ke5 Kc4 45. f5 Rg1 46. f6 Re1+ 47. Kd6 Rd1+ 48. Ke6 Re1+ 49. Re5 Rh1 50. f7 Rf1 51. Ke7 Kd4 52. Re2 Kd3 53. Re6 Kd4 54. f8Q 1-0